书目信息 |
| 题名: |
中国文学的现代转型与中国经验研究
|
|
| 作者: | ;中国社会科学院 编 | |
| 分册: | ||
| 出版信息: | 北京 社会科学文献出版社 2016 |
|
| 页数: | 438页 | |
| 开本: | 24cm | |
| 丛书名: | ||
| 单 册: | ||
| 中图分类: | I206.6-53 , I207.7-53 | |
| 科图分类: | ||
| 主题词: | 中国文学--zhong guo wen xue--现代文学--文学研究--文集 , 现代文学--xian dai wen xue , 文学研究--wen xue yan jiu , 文集--wen ji | |
| 电子资源: | ||
| ISBN: | 978-7-5097-8328-3 | |
| 000 | 01148nam0 22002771 450 | |
| 001 | 1730300670 | |
| 005 | 20170525101510.0 | |
| 010 | @a978-7-5097-8328-3@dCNY128.00 | |
| 100 | @a20160406d2016 em y0chiy50 ea | |
| 101 | 0 | @achi |
| 102 | @aCN@b110000 | |
| 105 | @ay z 000yy | |
| 106 | @ar | |
| 200 | 1 | @a中国文学的现代转型与中国经验研究@Azhong guo wen xue de xian dai zhuai xing yu zhong guo jing yan yan jiu@f中国社会科学院文学研究所编 |
| 210 | @a北京@c社会科学文献出版社@d2016 | |
| 215 | @a438页@d24cm | |
| 330 | @a本书以“转型期文学史研究”、“民间视角与经验研究”、“文学经验与价值研究”、“城外与本土深度互动”四个模块划分,选取了合适的文章编入,内容涉及了现代文学与民间文学的若干问题,反映了本学科研究的前沿状况,并打破了传统研究中的一些隔膜。 | |
| 606 | 0 | @a中国文学@Azhong guo wen xue@x现代文学@x文学研究@j文集 |
| 606 | 0 | @a现代文学@Axian dai wen xue |
| 606 | 0 | @a文学研究@Awen xue yan jiu |
| 606 | 0 | @a文集@Awen ji |
| 690 | @aI206.6-53@v5 | |
| 690 | @aI207.7-53@v5 | |
| 711 | 02 | @a中国社会科学院@Azhong guo she hui ke xue yuan@b文学研究所@4编 |
| 801 | 0 | @aCN@bTANG WEI@c20170523 |
| 905 | @b0968963-7@dI206.6-53@e226@f5 | |
| 中国文学的现代转型与中国经验研究/中国社会科学院文学研究所编.-北京:社会科学文献出版社,2016 |
| 438页;24cm |
| ISBN 978-7-5097-8328-3:CNY128.00 |
| 本书以“转型期文学史研究”、“民间视角与经验研究”、“文学经验与价值研究”、“城外与本土深度互动”四个模块划分,选取了合适的文章编入,内容涉及了现代文学与民间文学的若干问题,反映了本学科研究的前沿状况,并打破了传统研究中的一些隔膜。 |
| ● |
| 相关链接 |
|
|
|
|
正题名:中国文学的现代转型与中国经验研究
索取号:I206.6-53/226
 
预约/预借
| 序号 | 登录号 | 条形码 | 馆藏地/架位号 | 状态 | 备注 |
| 1 | 0968963 | 209689639 | 第一样本阅览室/ [索取号:I206.6-53/226] | 在馆 | |
| 2 | 0968964 | 209689648 | 第二借阅区/ [索取号:I206.6-53/226] | 在馆 | |
| 3 | 0968965 | 209689657 | 第二借阅区/ [索取号:I206.6-53/226] | 在馆 | |
| 4 | 0968966 | 209689666 | 第二借阅区/ [索取号:I206.6-53/226] | 在馆 | |
| 5 | 0968967 | 209689675 | 第二借阅区/ [索取号:I206.6-53/226] | 在馆 |